| 000 | 00547nam a22002057a 4500 | ||
|---|---|---|---|
| 003 | OSt | ||
| 005 | 20140310181750.0 | ||
| 008 | 130626t xxu||||| |||| 00| 0 eng d | ||
| 020 | _a9719109351 | ||
| 050 |
_aLC 5803 _b.An561 1988 |
||
| 082 |
_aFIL 371.302812 _bAn27 1988 |
||
| 100 | _aAndres, Tomas D. | ||
| 245 |
_aHow to be a successful student. / _cTomas D. Andres. |
||
| 260 |
_aManila : _bOur Lady of Manaoag, _c1988. |
||
| 300 |
_a70 p. : _c18 cm. |
||
| 562 | _e1 | ||
| 650 |
_aStudents _xSuccess |
||
| 942 |
_2lcc _cBK |
||
| 999 |
_c3180 _d3180 |
||